00322pab a2200121 454500008004000000100001400040245005100054260000900105300000900114362000900123650002000132773004800152180718b1984 xxu||||| |||| 00| 0 eng d aSuy, Eric aDevelopments in international human rights law c1984 a44-6 aJune aCivil Liberties aInternational Commission of Jusrists Review